000 00296nam a22001337a 4500
008 260220b ||||| |||| 00| 0 eng d
020 _a9951050255
041 _aeng
080 _a340.141
100 _a20.1
101 _aroman
245 _aDerkanun
_cDugagjini Ballkan Books
942 _2udc
_cBK
999 _c60837
_d60837